000 00727nam a22002171 4500
001 130078
003 ES-MaACL
005 20250827034815.0
007 t|
008 180707s1927 sp ||||0| spa d
016 7 _zIND9900846320
_zBNE19995236309
_zIND9600673525
040 _aM-BN
_bspa
_cCDM
080 _a913(236.11)
110 2 _aSociedad Excursionista Melillense
_96767
245 1 0 _aPaís rifeño
_b: notas de excursionismo /
_cSociedad Excursionista Melillense.
260 _a[Melilla :
_bs.n,
_c1927] (
_fArtes Gráf. Postal Exprés)
300 _a49 p., [10] h. de fot :
_bil ;
_c22 cm.
651 4 _aRif (Marruecos, Macizo)-
_xDescripción.
_99310
852 _aES-MaACL
_jG-14136
999 _c130078
_d130078